BGMEA University of Fashion and Technology
University Library

Virgin king : (Record no. 3004)

MARC details
000 -LEADER
fixed length control field 00719pam a2200253 x 4500
001 - CONTROL NUMBER
control field 3004
003 - CONTROL NUMBER IDENTIFIER
control field BD-DhBUF
005 - DATE AND TIME OF LATEST TRANSACTION
control field 20260218121043.0
008 - FIXED-LENGTH DATA ELEMENTS--GENERAL INFORMATION
fixed length control field 950228s1994 enkac 00110beng b
015 ## - NATIONAL BIBLIOGRAPHY NUMBER
National bibliography number b9481110
020 ## - INTERNATIONAL STANDARD BOOK NUMBER
International Standard Book Number 000224361X
020 ## - INTERNATIONAL STANDARD BOOK NUMBER
International Standard Book Number 0006382673 (pbk.)
035 ## - SYSTEM CONTROL NUMBER
System control number (StEdNL)2305567-nlsdb-Voyager
040 ## - CATALOGING SOURCE
Original cataloging agency StEdNL
Transcribing agency StEdNL
082 00 - DEWEY DECIMAL CLASSIFICATION NUMBER
Classification number 338.04092
Edition number 20
100 10 - MAIN ENTRY--PERSONAL NAME
Personal name Jackson, Tim.
245 10 - TITLE STATEMENT
Title Virgin king :
Remainder of title inside Richard Branson's business empire /
Statement of responsibility, etc. Tim Jackson.
260 ## - PUBLICATION, DISTRIBUTION, ETC.
Place of publication, distribution, etc. London :
Name of publisher, distributor, etc. HarperCollins,
Date of publication, distribution, etc. 1994.
300 ## - PHYSICAL DESCRIPTION
Extent 383 p., [16] p. of plates ;
Dimensions 25 cm.
350 00 - PRICE (NR) (BK AM CF MU VM SE) [OBSOLETE]
Price £17.50 : Formerly CIP
504 00 - BIBLIOGRAPHY, ETC. NOTE
Bibliography, etc. note Includes index.
600 10 - SUBJECT ADDED ENTRY--PERSONAL NAME
Personal name Branson, Richard.
9 (RLIN) 4335
942 ## - ADDED ENTRY ELEMENTS (KOHA)
Source of classification or shelving scheme Dewey Decimal Classification
Koha item type Books
Holdings
Withdrawn status Lost status Source of classification or shelving scheme Damaged status Not for loan Home library Current library Date acquired Total Checkouts Full call number Barcode Date last seen Copy number Price effective from Koha item type
    Dewey Decimal Classification     BUFT Library BUFT Library 07/01/2001   338.04092 J121v 1994 2001-0379 02/18/2026 C-1 02/18/2026 Books
Copyright © 2019-2023 | BUFT Library
BGMEA University of Fashion and Technology
Library Home | University Home
| Maintained by Library Team